Interrogative Television Quiz Stats

 Plays Quiz Updated Nov 1, 2017

Challenge
Share
Tweet
Embed
Score 0/20 Timer 05:00
13 Plays Today
Question Answer Wrong Answers
_____ Wants to Be a Millionaire Who
97.8%
What
0.1%
When
0%
Where
0%
Doctor _____ Who
97.6%
What
0.1%
When
0.1%
Where
0.1%
_____ I Like About You What
97.5%
Who
0.1%
When
0.1%
Where
0.1%
_____ Happening!! What's
97.4%
Who's
0.2%
When's
0.1%
Where's
0.1%
_____ Not to Wear What
97.3%
Who
0.2%
When
0.2%
Where
0.2%
_____ the Boss? Who's
97.2%
What's
0.1%
When's
0.1%
Where's
0.6%
Watch _____ Happens: Live What
97%
Who
0.2%
When
0.4%
Where
0.2%
Only _____ I Laugh When
96.9%
Who
0.3%
What
0.2%
Where
0.5%
Scooby-Doo, _____ are You! Where
96.6%
Who
0.9%
What
0.1%
When
0.2%
_____ Do You Think You Are? Who
95.6%
What
0.6%
When
0.1%
Where
1.5%
_____ the Heart Is Where
95.2%
Who
0.2%
What
1.8%
When
0.7%
Samantha _____? Who
95.2%
What
1.7%
When
0.4%
Where
0.6%
Car 54, _____ Are You? Where
94.7%
Who
1.7%
What
1.2%
When
0.3%
_____ My Line? What's
93.7%
Who's
2.2%
When's
0.4%
Where's
1.6%
_____ We Rise When
91.7%
Who
0.8%
What
0.5%
Where
4.7%
_____ in the World Is Carmen Sandiego? Where
91.3%
Who
5.3%
What
1%
When
0.3%
_____ Nature Calls When
90.1%
Who
0.5%
What
3.3%
Where
3.9%
_____ the (Bleep) Did I Marry? Who
87.5%
What
7.7%
When
1.7%
Where
0.9%
_____ Remains What
86.1%
Who
11.2%
When
0.2%
Where
0.3%
_____ Calls the Heart When
28.6%
Who
31.6%
What
33.1%
Where
4.6%

You're not logged in!

Compare scores with friends on all Sporcle quizzes.
Join for Free
OR
Log In

You Might Also Like...

Show Comments

Extras

Top Quizzes Today


Score Distribution

Your Account Isn't Verified!

In order to create a playlist on Sporcle, you need to verify the email address you used during registration. Go to your Sporcle Settings to finish the process.

Report this User

Report this user for behavior that violates our Community Guidelines.

Details: